Joueurs du XV de France participant à la Coupe du Monde 2023 - Statistiques

Statistiques générales
  • Ce quiz a été pris 205 fois
  • Le résultat moyen est 23 sur 33
Statistiques - réponses
Poste Joueurs % Correct
Demi de mêlée Antoine Dupont
99%
Arrière Thomas Ramos
95%
Ailier Damian Penaud
90%
Demi d'ouverture Matthieu Jalibert
89%
Pilier Cyril Baille
87%
Demi de mêlée Maxime Lucu
87%
Pilier Uini Atonio
86%
Arrière Melvyn Jaminet
83%
Talonneur Peato Mauvaka
83%
Centre Gaël Fickou
81%
Talonneur Julien Marchand
81%
3e ligne Grégory Alldritt
79%
Centre Jonathan Danty
77%
3e ligne Anthony Jelonch
76%
3e ligne Charles Ollivon
75%
3e ligne François Cros
72%
2e ligne Thibaud Flament
72%
Ailier Louis Bielle-Biarrey
70%
2e ligne Cameron Woki
69%
Ailier Gabin Villière
67%
Centre Yoram Moefana
67%
Pilier Jean-Baptiste Gros
61%
2e ligne Romain Taofifenua
61%
Demi d'ouverture Antoine Hastoy
60%
Demi de mêlée Baptiste Couilloud
60%
Pilier Reda Wardi
57%
Talonneur Pierre Bourgarit
54%
Pilier Dorian Aldegheri
52%
Centre Arthur Vincent
50%
3e ligne Sekou Macalou
49%
3e ligne Paul Boudehent
41%
2e ligne Bastien Chalureau
40%
Pilier Sipili Falatea
40%
Aucun quiz correspondant
Distribution des résultats
% des personnes avec chaque résultat
Percentile par nombre de réponses
Votre historique - résultats
Vous n’avez pas pris ce quiz